00496 2200181 4500001002100000005001700021008004100038020001900079035002500098090001600123100002800139245004300167260003100210300002200241650002300263850001200286990001600298INLIS00000000000719220150629085534.0  a979-672-0235-6 a0010-061500000001313 a664.8 Bud N aBudi Santoso, Heronymus aNanas Keringc/ Heronymus Budi Santoso aYogyakartabKanisiusc1998 a30 hlm. ;c21 cm. aNanas - Pengolahan aYOPDYOG a497-PK/B.01